000 00363nam a2200145Ia 4500
005 20250509064924.0
008 240331s9999 xx 000 0 und d
082 _bSOM
_a891
100 _aSomakandhan, P
245 0 _aKadavulin pookkal
260 _aMadras
_bKumaran Publishers
_c1993
300 _a135 p .,
500 _aA collection of Short Stories
942 _cL
999 _c4253
_d4253